[Event "Rhein Main op-B 22nd"]
[Site "Bad Homburg"]
[Date "2019.06.20"]
[Round "3"]
[White "Janzen, Andreas"]
[Black "Ross, Norbert"]
[Result "1-0"]
[WhiteElo "1848"]
[BlackElo "1653"]
[PlyCount "109"]
[EventDate "2019.06.19"]
[EventType "swiss"]
[EventRounds "7"]
[EventCountry "GER"]
[SourceTitle "EXT 2020"]
[Source "ChessBase"]
[SourceDate "2019.10.17"]
[SourceVersion "1"]
[SourceVersionDate "2019.10.17"]
[SourceQuality "1"]

1. d4 d5 2. c4 c6 3. Nf3 Nf6 4. Nc3 e6 5. Bg5 dxc4 6. e4 b5 7. e5 h6 8. Bh4 g5 9. Nxg5 hxg5 10. Bxg5 Nbd7 11. exf6 Qb6 12. Be2 Bb7 13. Bf3 0-0-0 14. Qe2 Bh6 15. Be3 Bxe3 16. Qxe3 c5 17. dxc5 Nxc5 18. 0-0 Bxf3 19. Qxf3 Rdg8 20. a4 b4 21. Nb5 Qb8 22. Qc6+ Kd8 23. Qd6+ Qxd6 24. Nxd6 Rh4 25. Nxf7+ Kc7 26. Ne5 Nd3 27. f7 Rgh8 28. Ng6 Rxh2 29. Nxh8 Rxh8 30. Rab1 a5 31. Rfd1 Rf8 32. b3 Rxf7 33. f3 Nf4 34. Re1 c3 35. Rbd1 Rg7 36. g4 Rg5 37. Re4 Rd5 38. Rc4+ Kb6 39. Rxd5 exd5 40. Rc8 d4 41. Kf1 d3 42. Ke1 Ng2+ 43. Kf2 d2 44. Ke2 Nf4+ 45. Kd1 Nd3 46. Rd8 Ne5 47. g5 Kc7 48. Rd5 Ng6 49. Rd4 Ne7 50. f4 Nf5 51. Re4 Kd6 52. g6 Ng3 53. Re5 Nh1 54. Re2 Ng3 55. g7 1-0

[Event "Rhein Main op-B 21st"]
[Site "Bad Homburg"]
[Date "2018.05.30"]
[Round "1"]
[White "Schneider, Stephan1"]
[Black "Janzen, Andreas"]
[Result "0-1"]
[WhiteElo "1498"]
[BlackElo "1841"]
[PlyCount "58"]
[EventDate "2018.05.30"]
[EventType "swiss"]
[EventRounds "7"]
[EventCountry "GER"]
[SourceTitle "EXT 2019"]
[Source "ChessBase"]
[SourceDate "2018.10.10"]
[SourceVersion "1"]
[SourceVersionDate "2018.10.10"]
[SourceQuality "1"]

1. e4 c5 2. Nc3 Nc6 3. Bb5 a6 4. Bxc6 bxc6 5. f4 d5 6. d3 g6 7. Nf3 Bg7 8. 0-0 Rb8 9. Qe1 e6 10. f5 Ne7 11. fxg6 Nxg6 12. h4 Qc7 13. exd5 0-0 14. dxe6 Bxe6 15. h5 Ne5 16. Bf4 Nxd3 17. Bxc7 Nxe1 18. Bxb8 Nxf3+ 19. Rxf3 Rxb8 20. Rg3 Kf8 21. Na4 Rb4 22. Nc3 Rxb2 23. Rc1 Be5 24. Kf2 Bf4 25. Re3 Bxe3+ 26. Kxe3 Rb4 27. Rh1 Rg4 28. Kf3 Rc4 29. Ne4 Bd5 0-1

[Event "Rhein Main op-B 20th"]
[Site "Bad Homburg"]
[Date "2017.06.16"]
[Round "4"]
[White "Janzen, Andreas"]
[Black "Knuplesch, Ulrich"]
[Result "1-0"]
[WhiteElo "1832"]
[BlackElo "1655"]
[PlyCount "83"]
[EventDate "2017.06.14"]
[EventType "swiss"]
[EventRounds "7"]
[EventCountry "GER"]
[SourceTitle "EXT 2018"]
[Source "ChessBase"]
[SourceDate "2017.10.13"]
[SourceVersion "1"]
[SourceVersionDate "2017.10.13"]
[SourceQuality "1"]

1. d4 Nf6 2. c4 g6 3. Nc3 Bg7 4. e4 d6 5. Nf3 0-0 6. Be2 e5 7. 0-0 Nc6 8. d5 Ne7 9. Ne1 Ne8 10. Be3 f5 11. f3 f4 12. Bf2 g5 13. Nd3 Rf7 14. b4 Bf8 15. c5 Rg7 16. Nb5 a6 17. cxd6 cxd6 18. Nc3 Bd7 19. Na4 Nc8 20. Ndb2 h5 21. Nc4 Bxa4 22. Qxa4 b5 23. Qa5 Qxa5 24. Nxa5 Nf6 25. a4 g4 26. Kh1 g3 27. hxg3 fxg3 28. Be3 Rb8 29. Nc6 Rbb7 30. axb5 axb5 31. Ra5 h4 32. Kg1 Nh5 33. f4 Nxf4 34. Bxf4 exf4 35. Rxf4 Rgf7 36. Rxh4 Rg7 37. Rxb5 Rbf7 38. Bg4 Rf2 39. Be6+ Rgf7 40. Rg4+ Bg7 41. Bxf7+ Kxf7 42. Rb7+ 1-0

[Event "Rhein Main op-B 19th"]
[Site "Bad Homburg"]
[Date "2016.05.27"]
[Round "4"]
[White "Froehlich Dill, Astrid"]
[Black "Janzen, Andreas"]
[Result "1/2-1/2"]
[WhiteElo "1811"]
[BlackElo "1781"]
[PlyCount "126"]
[EventDate "2016.05.25"]
[EventType "swiss"]
[EventRounds "7"]
[EventCountry "GER"]
[SourceTitle "EXT 2017"]
[Source "ChessBase"]
[SourceDate "2016.10.25"]
[SourceVersion "1"]
[SourceVersionDate "2016.10.25"]
[SourceQuality "1"]

1. d4 Nf6 2. c4 g6 3. Nc3 d5 4. cxd5 Nxd5 5. e4 Nxc3 6. bxc3 Bg7 7. Bc4 0-0 8. Ne2 c5 9. 0-0 Nc6 10. Be3 cxd4 11. cxd4 Na5 12. Bd3 b6 13. Rc1 Bb7 14. Qd2 Qd6 15. Bf4 e5 16. Bg3 Qe7 17. d5 f5 18. f3 Rac8 19. Rxc8 Bxc8 20. Rc1 Bb7 21. Bf2 fxe4 22. Bxe4 Rc8 23. Rxc8+ Bxc8 24. Qc2 Ba6 25. Bd3 Bxd3 26. Qxd3 Qc7 27. g4 Qc4 28. Qxc4 Nxc4 29. Nc3 Nd6 30. Kf1 Kf7 31. Ke2 Ke7 32. Kd3 Kd7 33. Ne4 h6 34. h4 Nc8 35. Be3 a6 36. g5 h5 37. Nf6+ Ke7 38. d6+ Nxd6 39. Nd5+ Kd7 40. Nxb6+ Kc6 41. Nc4 e4+ 42. fxe4 Nxc4 43. Kxc4 Be5 44. Bf2 Bf4 45. Kd4 Kd6 46. Kd3 Kc6 47. Ke2 Be5 48. Kf3 Bd6 49. Be3 Be5 50. Bf4 Bd4 51. Bg3 Bc3 52. Ke3 Bb2 53. Kd3 Ba3 54. Kc4 Bc5 55. e5 Bb6 56. e6 Be3 57. Kd3 Bc5 58. Ke4 Bb4 59. a4 a5 60. Kd4 Bd2 61. Kc4 Bb4 62. Bf2 Bd2 63. Bg3 Bb4 1/2-1/2

[Event "Rhein Main op-B 19th"]
[Site "Bad Homburg"]
[Date "2016.05.25"]
[Round "1"]
[White "Brunner, Andreas"]
[Black "Janzen, Andreas"]
[Result "0-1"]
[WhiteElo "1379"]
[BlackElo "1781"]
[PlyCount "126"]
[EventDate "2016.05.25"]
[EventType "swiss"]
[EventRounds "7"]
[EventCountry "GER"]
[SourceTitle "EXT 2017"]
[Source "ChessBase"]
[SourceDate "2016.10.25"]
[SourceVersion "1"]
[SourceVersionDate "2016.10.25"]
[SourceQuality "1"]

1. d4 Nf6 2. e3 d5 3. c4 g6 4. Nf3 Bg7 5. Bd3 0-0 6. Nc3 c5 7. 0-0 Bg4 8. h3 dxc4 9. hxg4 cxd3 10. g5 Nd5 11. Nxd5 Qxd5 12. Qxd3 cxd4 13. e4 Qc5 14. Bd2 Nc6 15. Rac1 Qd6 16. g3 f5 17. Rfe1 e5 18. b4 Rae8 19. b5 fxe4 20. Qxe4 Nd8 21. a3 Qxa3 22. Qd5+ Nf7 23. Kg2 Rd8 24. Qe4 Nd6 25. Qd5+ Nf7 26. Qe4 Qd6 27. Rb1 Qd5 28. Qd3 Nd6 29. Qb3 Qxb3 30. Rxb3 Rfe8 31. Rb4 Nf5 32. Re4 Rd5 33. b6 a6 34. Re1 e4 35. Nh4 Nd6 36. Bf4 Nb5 37. Kh3 Bf8 38. Rc4 Bd6 39. Bd2 Kf7 40. Ng2 Rc5 41. Rec1 Rec8 42. Rxc5 Rxc5 43. Re1 Re5 44. f3 e3 45. Bc1 Bc5 46. Nf4 Rxg5 47. Kg2 Bxb6 48. Rh1 h5 49. Nd3 Rd5 50. Rh4 Bd8 51. Rf4+ Kg7 52. Re4 Rd7 53. Bb2 Bf6 54. f4 Rc7 55. Kf3 Rc2 56. Re6 Kf7 57. Rb6 Rc7 58. g4 hxg4+ 59. Kxg4 Na7 60. Kf3 Nc6 61. Ba3 Nd8 62. Ke2 Rc2+ 63. Kf3 Rc3 0-1

[Event "Rhein Main op-B 17th"]
[Site "Bad Homburg"]
[Date "2014.06.21"]
[Round "6"]
[White "Janzen, Andreas"]
[Black "Neitzert, Volker"]
[Result "1/2-1/2"]
[WhiteElo "1690"]
[BlackElo "1843"]
[PlyCount "46"]
[EventDate "2014.06.18"]
[EventType "swiss"]
[EventRounds "9"]
[EventCountry "GER"]
[SourceTitle "CBM 161 Extra"]
[Source "ChessBase"]
[SourceDate "2014.08.29"]
[SourceVersion "1"]
[SourceVersionDate "2014.08.29"]
[SourceQuality "1"]

1. d4 d5 2. c4 e6 3. Nc3 Be7 4. cxd5 exd5 5. Bf4 c6 6. Qc2 Nf6 7. Nf3 0-0 8. h3 Re8 9. e3 Nbd7 10. Bd3 Nf8 11. 0-0 Ng6 12. Bh2 Bd6 13. Rab1 Bxh2+ 14. Kxh2 Qd6+ 15. Kg1 b5 16. e4 dxe4 17. Nxe4 Nxe4 18. Bxe4 Bd7 19. Rfe1 Rac8 20. Rbd1 Be6 21. Ne5 Bd5 22. Nxg6 hxg6 23. a3 Bxe4 1/2-1/2

[Event "Duisburg Grossenbaum op"]
[Site "Duisburg"]
[Date "2006.06.11"]
[Round "5"]
[White "Volkov, Mykyta"]
[Black "Janzen, Andreas"]
[Result "1-0"]
[WhiteElo "1939"]
[BlackElo "1670"]
[PlyCount "29"]
[EventDate "2006.06.02"]
[EventType "swiss"]
[EventRounds "7"]
[EventCountry "GER"]
[SourceTitle "EXT 2007"]
[Source "ChessBase"]
[SourceDate "2006.11.23"]
[SourceVersion "1"]
[SourceVersionDate "2006.11.23"]
[SourceQuality "1"]

1. d4 Nf6 2. c4 g6 3. Nc3 Bg7 4. e4 d6 5. Nf3 0-0 6. Be2 e5 7. d5 c6 8. 0-0 b5 9. dxc6 bxc4 10. Bxc4 Nxc6 11. h3 Ne7 12. Bg5 Nxe4 13. Nxe4 d5 14. Bxe7 Qxe7 15. Bxd5 1-0

[Event "Steinfurt Bezirksliga 0203"]
[Site "Germany"]
[Date "2002.12.21"]
[Round "4.8"]
[White "Goeckeler, Andreas"]
[Black "Janzen, Andreas"]
[Result "1/2-1/2"]
[WhiteElo "1334"]
[BlackElo "1678"]
[PlyCount "46"]
[EventDate "2002.09.14"]
[EventType "team-tourn"]
[EventRounds "9"]
[EventCountry "GER"]
[SourceTitle "EXT 2004"]
[Source "ChessBase"]
[SourceDate "2003.11.25"]
[SourceVersion "1"]
[SourceVersionDate "2003.11.25"]
[SourceQuality "1"]
[WhiteTeam "Neuenkirchen II"]
[BlackTeam "Emsdetten Rochade II"]
[WhiteTeamCountry "GER"]
[BlackTeamCountry "GER"]

1. e4 c5 2. Nf3 e6 3. d4 cxd4 4. Nxd4 Nf6 5. Nc3 d6 6. Bb5+ Bd7 7. Bg5 a6 8. Bxd7+ Nbxd7 9. f4 Be7 10. Qe2 h6 11. Bh4 Nxe4 12. Bxe7 Nxc3 13. Qxe6 fxe6 14. Bxd8 Kxd8 15. bxc3 Ke7 16. 0-0 Rhf8 17. Rae1 Nc5 18. Nb3 Rac8 19. Re3 Rf6 20. g3 Kd7 21. Rb1 Rc7 22. c4 Na4 23. Na5 Nc5 1/2-1/2